Man makes himself / (Record no. 22104)
[ view plain ]
| 000 -LEADER | |
|---|---|
| fixed length control field | 00828cam a22002891 4500 |
| 001 - CONTROL NUMBER | |
| control field | 22104 |
| 003 - CONTROL NUMBER IDENTIFIER | |
| rucl marc code | BD-RjUL |
| 005 - DATE AND TIME OF LATEST TRANSACTION | |
| control field | 20211209000752.0 |
| 008 - FIXED-LENGTH DATA ELEMENTS--GENERAL INFORMATION | |
| fixed length control field | 140306r19621951nyua 001 0 eng |
| 035 ## - SYSTEM CONTROL NUMBER | |
| System control number | (BD-RjUL)22169 |
| 040 ## - CATALOGING SOURCE | |
| Original cataloging agency | DLC |
| Transcribing agency | DLC |
| Modifying agency | DLC |
| -- | BD-RjUL |
| Language of cataloging | eng |
| 041 ## - LANGUAGE CODE | |
| Language code of text/sound track or separate title | eng |
| 082 00 - DEWEY DECIMAL CLASSIFICATION NUMBER | |
| Classification number | 901 |
| Author mark and year | CHM 1962 |
| 100 1# - MAIN ENTRY--PERSONAL NAME | |
| Personal name | Childe, V. Gordon |
| Fuller form of name | (Vere Gordon), |
| Dates associated with a name | 1892-1957. |
| 9 (RLIN) | 34294 |
| 245 10 - TITLE STATEMENT | |
| Title | Man makes himself / |
| Statement of responsibility, etc. | by V Gordon Childe. |
| 260 ## - PUBLICATION, DISTRIBUTION, ETC. (IMPRINT) | |
| Place of publication, distribution, etc. | New York : |
| Name of publisher, distributor, etc. | New American Library, |
| Date of publication, distribution, etc. | c1951 [1962]. |
| 300 ## - PHYSICAL DESCRIPTION | |
| Pagination | 192 p. : |
| Illustrations | illus. ; |
| Size | 19 cm. |
| 490 0# - SERIES STATEMENT | |
| Series statement | A Mentor book, 64 |
| 504 ## - BIBLIOGRAPHY, ETC. NOTE | |
| Bibliography, etc | I |
| 650 #0 - SUBJECT ADDED ENTRY--TOPICAL TERM | |
| Topical term or geographic name as entry element | Civilization, Ancient. |
| 9 (RLIN) | 34340 |
| Topical term or geographic name as entry element | Archaeology. |
| 9 (RLIN) | 68241 |
| Topical term or geographic name as entry element | Prehistoric peoples. |
| 9 (RLIN) | 68242 |
| Topical term or geographic name as entry element | Progress. |
| 9 (RLIN) | 68243 |
| 942 ## - ADDED ENTRY ELEMENTS (KOHA) | |
| Source of classification or shelving scheme | Dewey Decimal Classification |
| Koha item type | Books |
| Lost status | Source of classification or shelving scheme | Damaged status | Not for loan | Collection code | Permanent Location | Current Location | Shelving location | Date acquired | Source of acquisition | Cost, normal purchase price | Total Checkouts | Full call number | Date last seen | Copy number | Koha item type |
|---|---|---|---|---|---|---|---|---|---|---|---|---|---|---|---|
| Dewey Decimal Classification | Added to bundle | Non-fiction | Central Library, University of Rajshahi | Central Library, University of Rajshahi | Reading Room | 29/09/1965 | Zetlinger | 7.00 | 901 CHM 1962 | 06/03/2014 | C-1 | Books |